000 00821nam a2200193 a 4500
003 0
005 20250217145044.0
008 110621s19uu xx 00 eng d
050 _aPHS QP 601
_b.Se2 2011
100 _aSebastian, Josiah Bien.
245 _aComparison of the efficacy of Blumea balsamifera (Sambong) tablets and extracts and Sodium bicarbonate in dissolving uric acid kidney stones /
_cJosiah Bien Sebastian.
260 _aLas PiƱas City, Philippines :
_bSouthville International School and Colleges,
_c2011.
300 _a24 pages :
_billustrations ;
_c28 cm.
504 _aIncludes bibliographical references.
650 _aHerbal medicine
_xComparative efficacy.
650 _aBlumea balsamifera
_xPharmacological properties.
650 _aSodium bicarbonate
_xMedical applications.
942 _2lcc
_cPASS
999 _c98558
_d98558